00874nam a2200193 a 4500008004100000020001500041050001800056100001900074245004300093260007500136300002100211350000900232490006500241650001100306650002800317995014700345995017100492999001700663060705s2005 ||||||||||||||||| || u a9991663169 aQK 720.Z3 Phi aPhiri, P. S. M12aA checklist of Zambian vascular plants aPretoria:bSouthern African Botanical Diversity Network(SABONET)c2005 axii, 169p.: ill. a0.00 aSouthern African Botannical Diversity Network report, no. 32 aBOTANY aVASCULAR PLANTS--ZAMBIA aSPECIAL COLLECTIONSD0.00e737145FCBU-MAIN LIBRARY (Kitwe)H1I0.00jZAM QK 720.Z3 PhiM1UAVAILABLEWJul 5, 2006y41880ZZambiana Collection aMAIN LIBRARY OPEN ACCESSD105000.00e739024FCBU-MAIN LIBRARY (Kitwe)H1I0.00jQK 720.Z3 PhiM2UAVAILABLEWDec 15, 2008y739024ZMain Library Open Access Collection c78236d78236